Enfoque jurídico sintetizado sobre los derechos humanos en Honduras /
Uloženo v:
| Hlavní autor: | |
|---|---|
| Korporace: | , |
| Médium: | Text |
| Vydáno: |
Miami:
LACC
|
| Tagy: |
Přidat tag
Žádné tagy, Buďte první, kdo vytvoří štítek k tomuto záznamu!
|
MARC
| LEADER | 00000 a a2200000 04500 | ||
|---|---|---|---|
| 001 | 23818 | ||
| 003 | |||
| 040 | |||
| 090 | |a 168700 | ||
| 100 | |a Pérez Cadalso A., Guillermo | ||
| 110 | |a Latin American and Caribbean Center | ||
| 245 | |a Enfoque jurídico sintetizado sobre los derechos humanos en Honduras / |c Latin American and Caribbean Center | ||
| 260 | |a Miami: |b LACC | ||
| 300 | |a 24 p | ||
| 710 | |a Florida International University | ||
| 999 | |c 14588 |d 14588 | ||
